000 00666nam a2200277Ia 4500
005 20260324124908.0
008 008 260324s9999 xx 000 0 eng d
020 _a9780203881507
037 _aEBOOK
040 _aCRL
040 _beng
040 _cCRL
041 _2eng
041 _aeng
084 _qCRL
100 _aMaria del Guadalupe Davidson; George Yancy
_91175908
245 0 _aCritical Perspectives on bell hooks
260 _bTaylor and Francis
260 _c2009
365 _a
365 _b290
856 _uhttp://www.taylorfrancis.com/books/9780203881507
942 _cEBOOK
999 _c1770700
_d1770700